000 00771nam a2200289Ia 4500
005 20260324124350.0
008 008 260324s9999 xx 000 0 eng d
020 _a9781003238416
037 _aEBOOK
040 _aCRL
040 _beng
040 _cCRL
041 _2eng
041 _aeng
084 _qCRL
100 _aJennifer Engel Fisher; Janet Price
_91173871
245 0 _aTake Control of Asperger's Syndrome
245 4 _bThe Official Strategy Guide for Teens With Asperger's Syndrome and Nonverbal Learning Disorder
260 _bTaylor and Francis
260 _c2010
365 _a
365 _b72.99
856 _uhttp://www.taylorfrancis.com/books/9781003238416
942 _cEBOOK
999 _c1768187
_d1768187